| 000 | 01357nam a2200349 a 4500 | ||
|---|---|---|---|
| 001 | ebr10315477 | ||
| 003 | CaPaEBR | ||
| 006 | m u | ||
| 007 | cr cn||||||||| | ||
| 008 | 071228s2008 caua sb 001 0 eng | ||
| 010 | _z 2007052816 | ||
| 020 | _z9781576755570 (pbk. : alk. paper) | ||
| 020 | _z1576755576 (pbk. : alk. paper) | ||
| 040 |
_aCaPaEBR _cCaPaEBR |
||
| 035 | _a(OCoLC)309784089 | ||
| 050 | 1 | 4 |
_aHF5549.5.R58 _bK39 2008eb |
| 082 | 0 | 4 |
_a658.3/14 _222 |
| 100 | 1 | _aKaye, Beverly L. | |
| 245 | 1 | 0 |
_aLove 'em or lose 'em _h[electronic resource] : _bgetting good people to stay / _cBeverly Kaye and Sharon Jordan-Evans. |
| 246 | 3 | 0 | _aGetting good people to stay |
| 250 | _a4th ed. | ||
| 260 |
_aSan Francisco, Calif. : _bBerrett-Koehler, _cc2008. |
||
| 300 |
_axviii, 306 p. : _bill. |
||
| 504 | _aIncludes bibliographical references and index. | ||
| 533 |
_aElectronic reproduction. _bPalo Alto, Calif. : _cebrary, _d2013. _nAvailable via World Wide Web. _nAccess may be limited to ebrary affiliated libraries. |
||
| 650 | 0 | _aEmployee retention. | |
| 650 | 0 | _aLabor turnover. | |
| 655 | 7 |
_aElectronic books. _2local |
|
| 700 | 1 |
_aJordan-Evans, Sharon, _d1946- |
|
| 710 | 2 | _aebrary, Inc. | |
| 856 | 4 | 0 |
_uhttp://site.ebrary.com/lib/rucke/Doc?id=10315477 _zAn electronic book accessible through the World Wide Web; click to view |
| 999 |
_c57137 _d57137 |
||